Survey of property transactions (Record no. 105369)

MARC details
000 -LEADER
fixed length control field 01064cam a2200217 4500
001 - CONTROL NUMBER
control field ##L133255
008 - FIXED-LENGTH DATA ELEMENTS--GENERAL INFORMATION
fixed length control field 060424n2006 000 0 eng u
035 ## - SYSTEM CONTROL NUMBER
System control number (Sirsi) u133255
041 0# - LANGUAGE CODE
Language code of text/sound track or separate title eng
050 04 - LIBRARY OF CONGRESS CALL NUMBER
Classification number 333.33 $2 18
110 1# - MAIN ENTRY--CORPORATE NAME
Corporate name or jurisdiction name as entry element United Kingdom
Subordinate unit HM Revenue and Customs
9 (RLIN) 4833
245 00 - TITLE STATEMENT
Title Survey of property transactions
260 ## - PUBLICATION, DISTRIBUTION, ETC.
Place of publication, distribution, etc. London
Name of publisher, distributor, etc. HMRC
Date of publication, distribution, etc. 2006
490 #0 - SERIES STATEMENT
Series statement HM Revenue and Customs Property Transactions Survey
520 ## - SUMMARY, ETC.
Summary, etc. Provides various analyses of property transactions in England and Wales, one analysis of Scottish property transactions and a monthly report covering transactions in England, Wales and Northern Ireland.
520 ## - SUMMARY, ETC.
Summary, etc. From April 2008 HMRC will no longer be receiving details of property transactions below £40 000.
650 24 - SUBJECT ADDED ENTRY--TOPICAL TERM
Topical term or geographic name entry element HM REVENUE AND CUSTOMS PROPERTY TRANSACTIONS SURVEY
690 ## - LOCAL SUBJECT ADDED ENTRY--TOPICAL TERM (OCLC, RLIN)
Topical term or geographic name as entry element PROPERTY-RESIDENTIAL PROPERTY-RESIDENTIAL PROPERTY MARKET
856 40 - ELECTRONIC LOCATION AND ACCESS
Uniform Resource Identifier <a href="https://www.hmrc.gov.uk/stats/survey_of_prop/menu.htm">https://www.hmrc.gov.uk/stats/survey_of_prop/menu.htm</a>
Public note View the property transactions survey free of charge at www.hmrc.gov.uk...
942 ## - ADDED ENTRY ELEMENTS (KOHA)
Suppress in OPAC 0
Holdings
Withdrawn status Lost status Source of classification or shelving scheme Damaged status Not for loan Home library Current library Shelving location Date acquired Total Checkouts Full call number Barcode Date last seen Copy number Price effective from Koha item type
    Dewey Decimal Classification     Virtual Virtual Online 24/04/2006   ONLINE PUBLICATION 133255-2001 06/08/2019 1 06/08/2019 Book